00258nam a2200097Ia 4500008004000000082001700040100001700057245004200074250000500116260003900121210210b1968 xxu||||| |||| 00| 0 eng d a330.901 HALT aHALAYYA (M). aText book of economic history. Ed.5. a aBombaybJamnadas and Companyc1968